000
00206 a2200097 4500
001
1587
100
_a
Grossmann, M.A
245
_a
Principles of heat trealment
260
_a
_b
A.S.M
_c
090
_c
1125
_d
1125
942
_a
NUST-CAE
_c
M
_c
1392
999
_c
236660
_d
236660